000
00323nam a2200133Ia 4500
008
240624s9999 xx 000 0 und d
041
_a
eng
082
_a
346.07 TAX
100
_a
TAXMAN
245
_a
GENERAL AND COMMERCIAL LAWS
260
_c
2005
_a
New Delhi
_b
Taxman
300
_a
lvii, : 583 : p. : cm. ; 24
365
_c
RS
999
_c
2617
_d
2617